000
00294nam a2200109Ia 4500
008
200302s9999 xx 000 0 und d
100
_a
Baile Atha Cliath
245
_a
I Dtreo Pholasai Rialtais don Ailtireacht
260
_b
Published By The Stationery Office
260
_c
1996
300
_a
120 P.,
999
_c
2174
_d
2174